000 00219nam a22000857a 4500
008 170207b xxu||||| |||| 00| 0 eng d
100 _92795
_aDunn. J
245 _aThe Little Lamb
260 _aNew York
_bRandom Publication
_c1977
999 _c5993
_d5993